[Event "Norrkoeping Easter op"]
[Site "Norrkoeping"]
[Date "2024.04.01"]
[Round "8"]
[White "Thorsbro, Peter"]
[Black "Thanke, Bror"]
[Result "0-1"]
[WhiteElo "2148"]
[BlackElo "2062"]
[PlyCount "80"]
[EventDate "2024.03.29"]
[EventType "swiss"]
[EventRounds "8"]
[EventCountry "SWE"]
[SourceTitle "CB14_2024"]
[SourceDate "2024.04.01"]
[SourceVersion "1"]
[SourceVersionDate "2024.04.01"]
[SourceQuality "1"]

1. d4 Nf6 2. c4 e6 3. g3 d5 4. Bg2 Be7 5. Nf3 0-0 6. 0-0 b6 7. Qc2 Bb7 8. cxd5 exd5 9. Bf4 Bd6 10. Bxd6 Qxd6 11. Nc3 c6 12. Rfd1 Nbd7 13. Ne1 Rfe8 14. Rac1 Rac8 15. Nd3 Ne4 16. e3 h5 17. Nxe4 dxe4 18. Nf4 Nf6 19. Qa4 Qb8 20. b4 a6 21. Qb3 h4 22. gxh4 Qd6 23. Bh3 Nd5 24. Nxd5 cxd5 25. b5 Rxc1 26. Rxc1 Qg6+ 27. Kh1 Qf6 28. Rc7 Qxf2 29. Qd1 Ba8 30. bxa6 Qxe3 31. Rc8 Rxc8 32. Bxc8 Qf2 33. Qb1 e3 34. Bg4 e2 35. Bxe2 Qxe2 36. a7 Qf3+ 37. Kg1 Qg4+ 38. Kf1 Qxd4 39. Qc1 Qc4+ 40. Qxc4 dxc4 0-1

[Event "Norrkoeping Easter op"]
[Site "Norrkoeping"]
[Date "2024.03.29"]
[Round "3"]
[White "Thanke, Bror"]
[Black "Pantzar, Milton"]
[Result "1/2-1/2"]
[WhiteElo "2062"]
[BlackElo "2472"]
[PlyCount "120"]
[EventDate "2024.03.29"]
[EventType "swiss"]
[EventRounds "8"]
[EventCountry "SWE"]
[SourceTitle "CB14_2024"]
[SourceDate "2024.04.01"]
[SourceVersion "1"]
[SourceVersionDate "2024.04.01"]
[SourceQuality "1"]

1. e4 c6 2. d4 d5 3. e5 c5 4. Nf3 cxd4 5. Nxd4 Nc6 6. Nxc6 bxc6 7. Bd3 e6 8. 0-0 a5 9. Qe2 Ne7 10. Nd2 Ng6 11. Nf3 Be7 12. g3 c5 13. b3 0-0 14. Bb2 Bb7 15. a4 c4 16. bxc4 dxc4 17. Be4 Rb8 18. Bd4 Qc7 19. Rfb1 Bxe4 20. Qxe4 c3 21. Rb5 Bb4 22. h4 h6 23. Be3 Ne7 24. Nd4 Qc4 25. Qf3 Rbd8 26. Nb3 Rd5 27. Rxd5 Nxd5 28. Rd1 Nxe3 29. Qxe3 Qc6 30. Qd3 Qxa4 31. Ra1 Qc6 32. Nxa5 Bxa5 33. Rxa5 Rb8 34. Ra1 g6 35. Rd1 Kg7 36. Re1 Rb2 37. Kh2 Qa4 38. Qxc3 Qxc2 39. Qxc2 Rxc2 40. Kg2 Rc4 41. Kf3 g5 42. hxg5 hxg5 43. Re4 Rc2 44. g4 Rc5 45. Re3 Kf8 46. Kg3 Rc4 47. Re2 Ke7 48. Re3 Ra4 49. Re2 Kd7 50. Re3 Ke7 51. Re2 Ra3+ 52. Kg2 Kd7 53. Rd2+ Kc6 54. Rd8 Ra5 55. Rf8 Kd5 56. Rxf7 Kxe5 57. Kg3 Ra3+ 58. f3 Rb3 59. Rg7 Kf6 60. Ra7 Ke5 1/2-1/2

[Event "Altea Cap Negret op 50+ 1st"]
[Site "Altea"]
[Date "2023.11.18"]
[Round "8"]
[White "Johansen, Lars"]
[Black "Thanke, Bror"]
[Result "0-1"]
[WhiteElo "1853"]
[BlackElo "2059"]
[PlyCount "40"]
[EventDate "2023.11.12"]
[EventType "swiss"]
[EventRounds "8"]
[EventCountry "ESP"]
[SourceTitle "CB49_2023"]
[SourceDate "2023.12.06"]
[SourceVersion "1"]
[SourceVersionDate "2023.12.06"]
[SourceQuality "1"]

1. e4 c5 2. Nf3 d6 3. d4 cxd4 4. Nxd4 Nf6 5. Nc3 g6 6. Be3 Nc6 7. f3 h5 8. Qd2 Nxd4 9. Qxd4 Bg7 10. Bb5+ Kf8 11. Qd2 Be6 12. 0-0-0 Qa5 13. e5 dxe5 14. a4 a6 15. b4 Qc7 16. Be2 Rc8 17. Kb2 Kg8 18. Ne4 Nd5 19. Bf2 Bh6 20. Ng5 Bxg5 0-1

[Event "Altea Cap Negret op 50+ 1st"]
[Site "Altea"]
[Date "2023.11.15"]
[Round "5"]
[White "Thanke, Bror"]
[Black "Arkell, Keith C"]
[Result "0-1"]
[WhiteElo "2059"]
[BlackElo "2362"]
[PlyCount "84"]
[EventDate "2023.11.12"]
[EventType "swiss"]
[EventRounds "8"]
[EventCountry "ESP"]
[SourceTitle "CB49_2023"]
[SourceDate "2023.12.06"]
[SourceVersion "1"]
[SourceVersionDate "2023.12.06"]
[SourceQuality "1"]

1. e4 c6 2. d4 d5 3. exd5 cxd5 4. c4 Nf6 5. Nc3 g6 6. Nf3 Bg7 7. Qb3 dxc4 8. Bxc4 0-0 9. d5 Nbd7 10. Be3 Ng4 11. Bd4 Bxd4 12. Nxd4 Nb6 13. h3 Ne5 14. Be2 e6 15. Nf3 Nxf3+ 16. Bxf3 exd5 17. 0-0 Be6 18. Rad1 Qg5 19. Rd4 Bxh3 20. Nxd5 Be6 21. Rfd1 Rad8 22. Qb5 Nxd5 23. Bxd5 Rxd5 24. Rxd5 Bxd5 25. Qxd5 Qxd5 26. Rxd5 Rc8 27. g3 Rc2 28. Rb5 b6 29. a4 Rc5 30. Rb4 Kf8 31. Rd4 Ke7 32. b4 Rc1+ 33. Kg2 a6 34. Re4+ Kd6 35. Rf4 f5 36. Rd4+ Kc7 37. g4 fxg4 38. Rxg4 Ra1 39. Rc4+ Kd7 40. b5 axb5 41. axb5 Rb1 42. Ra4 Ke6 0-1

[Event "NOR-chT Club"]
[Site "Bergen"]
[Date "2023.05.20"]
[Round "4.9"]
[White "Demac, Elias"]
[Black "Thanke, Bror"]
[Result "1-0"]
[WhiteElo "2235"]
[BlackElo "2119"]
[PlyCount "111"]
[EventDate "2023.05.18"]
[EventType "team-swiss"]
[EventRounds "6"]
[EventCountry "NOR"]
[SourceTitle "CBM 214 Extra"]
[Source "ChessBase"]
[SourceDate "2023.07.31"]
[SourceVersion "1"]
[SourceVersionDate "2023.07.31"]
[SourceQuality "1"]
[WhiteTeam "Bergens"]
[BlackTeam "Nordstrand"]
[WhiteTeamCountry "NOR"]
[BlackTeamCountry "NOR"]

1. d4 Nf6 2. c4 e6 3. g3 d5 4. Nf3 a6 5. a4 c5 6. cxd5 Nxd5 7. Bg2 Nc6 8. 0-0 Ndb4 9. Be3 Be7 10. Nc3 cxd4 11. Nxd4 0-0 12. Nxc6 bxc6 13. Qxd8 Rxd8 14. Rfd1 Rxd1+ 15. Rxd1 Nd5 16. Bd4 Rb8 17. a5 Bd7 18. e4 Nxc3 19. bxc3 Be8 20. Bb6 c5 21. e5 Bb5 22. f4 Kf8 23. Kf2 Ke8 24. Ke3 Bd8 25. c4 Bd7 26. Bxd8 Rxd8 27. Rb1 Bc8 28. Bc6+ Ke7 29. Rb8 Bd7 30. Rb7 Ke8 31. Be4 Ba4 32. Rb6 Rd4 33. Rxa6 Rxc4 34. Ra8+ Kd7 35. Ra7+ Ke8 36. Bxh7 Bc2 37. Bg8 Bg6 38. g4 Rc3+ 39. Kf2 c4 40. h4 Kf8 41. Ra8+ Ke7 42. h5 Be4 43. Ra7+ Kf8 44. Bxf7 Rf3+ 45. Ke2 Rxf4 46. Ke3 Rxg4 47. Bxe6 Rh4 48. Bxc4 Bh1 49. Rf7+ Ke8 50. Rf4 Rh3+ 51. Kd4 Kd8 52. Rf8+ Ke7 53. Rf7+ Kd8 54. a6 Rh4+ 55. Kc5 Rxh5 56. Kd6 1-0

[Event "NOR-ch Blitz"]
[Site "Drammen"]
[Date "2023.01.06"]
[Round "2"]
[White "Abdrlauf, Elham"]
[Black "Thanke, Bror"]
[Result "1-0"]
[WhiteElo "2518"]
[BlackElo "2114"]
[PlyCount "37"]
[EventDate "2023.01.06"]
[EventType "swiss (blitz)"]
[EventRounds "9"]
[EventCountry "NOR"]
[SourceTitle "CBM 212 Extra"]
[Source "ChessBase"]
[SourceDate "2023.03.31"]
[SourceVersion "1"]
[SourceVersionDate "2023.03.31"]
[SourceQuality "1"]

1. e4 c5 2. Nf3 e6 3. c3 a6 4. d4 d5 5. e5 Ne7 6. Bd3 Nf5 7. 0-0 Be7 8. dxc5 Bxc5 9. Nbd2 Nc6 10. b4 Be7 11. Nb3 0-0 12. Bf4 f6 13. Re1 fxe5 14. Nxe5 Nxe5 15. Bxe5 Bf6 16. Qe2 Re8 17. Bxf5 exf5 18. Bxf6 Rxe2 19. Bxd8 1-0

[Event "Kragero op"]
[Site "Kragero"]
[Date "2022.02.25"]
[Round "5"]
[White "Thanke, Bror"]
[Black "Van Dael, Siem"]
[Result "1/2-1/2"]
[WhiteElo "2143"]
[BlackElo "2303"]
[PlyCount "129"]
[EventDate "2022.02.23"]
[EventType "swiss"]
[EventRounds "9"]
[EventCountry "NOR"]
[SourceTitle "CBM 207 Extra"]
[Source "ChessBase"]
[SourceDate "2022.05.31"]
[SourceVersion "1"]
[SourceVersionDate "2022.05.31"]
[SourceQuality "1"]

1. d4 Nf6 2. c4 g6 3. Nc3 Bg7 4. e4 d6 5. Nf3 0-0 6. Be2 Nbd7 7. h3 e5 8. dxe5 dxe5 9. Be3 c6 10. Qc2 Qe7 11. g3 Ne8 12. h4 h5 13. 0-0-0 Nc7 14. Kb1 Ne6 15. Qc1 Re8 16. g4 hxg4 17. Ng5 Nf6 18. h5 Nxh5 19. Bxg4 Nef4 20. Bxh5 Qxg5 21. Rdg1 Qf6 22. Bg4 a6 23. Qf1 b5 24. c5 a5 25. Bxc8 Raxc8 26. Ne2 Qd8 27. Nc1 a4 28. f3 a3 29. b3 Qa5 30. Rh2 Rcd8 31. Qe1 b4 32. Rd2 Bf8 33. Rc2 Nd3 34. Qe2 Nb2 35. Rh1 Bg7 36. Qh2 Re6 37. Bh6 Rd1 38. Bxg7 Rxh1 39. Qxh1 Kxg7 40. Rh2 Qxc5 41. Rh7+ Kf8 42. Qh4 Qd6 43. Rh8+ Kg7 44. Rd8 Qxd8 45. Qxd8 Rf6 46. Nd3 Rxf3 47. Nxb2 axb2 48. Kxb2 Re3 49. Qh4 c5 50. Qg4 Rd3 51. Kc2 Rd4 52. Qc8 Rxe4 53. Qxc5 g5 54. Qd5 Rf4 55. Qxe5+ f6 56. Qe7+ Kg6 57. a4 bxa3 58. Qxa3 g4 59. Qd6 Kg5 60. Qd5+ f5 61. Qd8+ Kh5 62. Qh8+ Kg5 63. Qd8+ Kh5 64. Qh8+ Kg5 65. Qd8+ 1/2-1/2

[Event "NOR-ch Master"]
[Site "Larvik"]
[Date "2019.07.07"]
[Round "3"]
[White "Thanke, Bror"]
[Black "Gulbrandsen, Tor"]
[Result "1/2-1/2"]
[WhiteElo "2191"]
[BlackElo "2120"]
[PlyCount "29"]
[EventDate "2019.07.05"]
[EventType "swiss"]
[EventRounds "9"]
[EventCountry "NOR"]
[SourceTitle "EXT 2024"]
[Source "ChessBase"]
[SourceDate "2023.10.10"]
[SourceVersion "1"]
[SourceVersionDate "2023.10.10"]
[SourceQuality "1"]

1. e4 e6 2. d4 d5 3. Nc3 dxe4 4. Nxe4 Nd7 5. Nf3 Ngf6 6. Bd3 Be7 7. 0-0 0-0 8. Qe2 b6 9. c3 Bb7 10. h3 Nxe4 11. Bxe4 Bxe4 12. Qxe4 h6 13. Bf4 Bd6 14. Bxd6 cxd6 15. a4 1/2-1/2

[Event "NOR-ch Master"]
[Site "Sarpsborg"]
[Date "2018.07.11"]
[Round "6"]
[White "Tryggestad, Andreas Garberg"]
[Black "Thanke, Bror"]
[Result "0-1"]
[WhiteElo "2302"]
[BlackElo "2190"]
[PlyCount "100"]
[EventDate "2018.07.07"]
[EventType "swiss"]
[EventRounds "9"]
[EventCountry "NOR"]
[SourceTitle "EXT 2024"]
[Source "ChessBase"]
[SourceDate "2023.10.10"]
[SourceVersion "1"]
[SourceVersionDate "2023.10.10"]
[SourceQuality "1"]

1. e4 e5 2. Nf3 Nc6 3. Bb5 f5 4. d3 fxe4 5. dxe4 Nf6 6. Qd3 Bc5 7. Nc3 d6 8. Na4 Bb6 9. Nxb6 axb6 10. Qc4 Bd7 11. 0-0 Qe7 12. Ne1 Na5 13. Bxd7+ Qxd7 14. Qd3 Qc6 15. f3 b5 16. b3 0-0 17. a4 bxa4 18. Rxa4 b5 19. Ra1 Nb7 20. Rxa8 Rxa8 21. b4 Nd8 22. c3 Ne6 23. Nc2 Ra2 24. Rd1 Qb6+ 25. Be3 Qa6 26. Rd2 Kf7 27. g3 Qc6 28. Kg2 Qc4 29. Ne1 Ra3 30. Rc2 g6 31. Qd2 Ra1 32. Bf2 Nh5 33. Nd3 Qxd3 34. Qxd3 Nhf4+ 35. gxf4 Nxf4+ 36. Kg3 Nxd3 37. c4 Nxb4 38. Rb2 c5 39. cxb5 Ra5 40. Rd2 Ke6 41. b6 Rb5 42. f4 exf4+ 43. Kxf4 Rxb6 44. Ke3 Ra6 45. Bg3 Rc6 46. Rb2 g5 47. h4 gxh4 48. Bxh4 Ra6 49. Rb3 Ra3 50. Rxa3 Nc2+ 0-1

[Event "NOR-ch Master"]
[Site "Sarpsborg"]
[Date "2018.07.07"]
[Round "2"]
[White "Gonzalez, Francisco Silva"]
[Black "Thanke, Bror"]
[Result "1/2-1/2"]
[WhiteElo "2045"]
[BlackElo "2190"]
[PlyCount "247"]
[EventDate "2018.07.07"]
[EventType "swiss"]
[EventRounds "9"]
[EventCountry "NOR"]
[SourceTitle "EXT 2024"]
[Source "ChessBase"]
[SourceDate "2023.10.10"]
[SourceVersion "1"]
[SourceVersionDate "2023.10.10"]
[SourceQuality "1"]

1. d4 Nf6 2. c4 e6 3. Nc3 Bb4 4. Qc2 d5 5. cxd5 exd5 6. Bg5 0-0 7. e3 Nbd7 8. Bd3 h6 9. Bh4 c5 10. a3 cxd4 11. axb4 dxc3 12. bxc3 Ne5 13. Ne2 Bg4 14. Nd4 Nc6 15. Nxc6 bxc6 16. Ra6 Bd7 17. 0-0 Qc7 18. Bg3 Qb7 19. Rfa1 Rfe8 20. Bd6 Ne4 21. Bxe4 Rxe4 22. Bc5 Bf5 23. Qd2 Re6 24. Rxa7 Rxa7 25. Rxa7 Qb5 26. Ra8+ Kh7 27. f3 Qc4 28. Bd4 Rg6 29. g4 Qd3 30. Qxd3 Bxd3 31. Kf2 Re6 32. h4 Re7 33. Rc8 Bb5 34. h5 Rd7 35. Kg3 Ba4 36. Kf4 Re7 37. Bc5 Re6 38. Rc7 Kg8 39. Bd4 Bd1 40. Kg3 Ba4 41. Kf2 Re8 42. Ra7 Bb5 43. f4 Bd3 44. Rc7 Bb5 45. g5 Ba4 46. Ke1 Bb5 47. Kd2 Ra8 48. Ba7 Re8 49. Bd4 Ra8 50. Ke1 Ba4 51. Kf2 Rb8 52. Kg3 Re8 53. Kh4 Bb5 54. Be5 hxg5+ 55. Kg3 gxf4+ 56. exf4 Re6 57. Rc8+ Kh7 58. Rf8 f6 59. Bd4 Re1 60. Kg2 Re6 61. f5 Re7 62. Kf2 Re4 63. Kg3 Kh6 64. Rg8 Be2 65. Rc8 Bb5 66. Rg8 Re7 67. Kf4 Kh7 68. Rc8 Re4+ 69. Kf3 Rh4 70. Rc7 Rxh5 71. Kf4 Bd3 72. Ke3 Rh3+ 73. Kf4 Rh4+ 74. Kg3 Rh6 75. Rxc6 Bxf5 76. b5 Bd7 77. Rc5 Rh1 78. Rxd5 Be6 79. Rd6 Bc4 80. b6 Rb1 81. Rc6 Bd5 82. Rc7 Kg6 83. c4 Rb3+ 84. Kf2 Bh1 85. c5 Rb4 86. Ke3 Rb3+ 87. Ke2 Bf3+ 88. Kf2 Rd3 89. Be3 Be4 90. b7 Rb3 91. c6 Bxc6 92. Rxc6 Rxb7 93. Bb6 Rd7 94. Ke3 Rd5 95. Rc7 Re5+ 96. Kd3 Re6 97. Bd4 Re8 98. Rd7 Re6 99. Bc5 Re8 100. Bd4 Re6 101. Kc4 Re8 102. Kd5 Re2 103. Kd6 Re1 104. Ra7 Rd1 105. Kc5 Rc1+ 106. Kd5 Rd1 107. Ke4 Re1+ 108. Kf3 Rd1 109. Bc5 Rd8 110. Kf4 Rc8 111. Bd6 Rd8 112. Be7 Re8 113. Ba3 Rc8 114. Be7 Re8 115. Rb7 Rc8 116. Ke4 Ra8 117. Kd5 Kf5 118. Kd6 Ra6+ 119. Kd5 g5 120. Rb8 g4 121. Bd6 Ra1 122. Rb4 Rd1+ 123. Rd4 Rxd4+ 124. Kxd4 1/2-1/2

[Event "NOR-chT 1718"]
[Site "Norway"]
[Date "2018.01.13"]
[Round "5.1"]
[White "Thanke, Bror"]
[Black "Guttulsrud, Odd Martin"]
[Result "1-0"]
[WhiteElo "2159"]
[BlackElo "2268"]
[PlyCount "125"]
[EventDate "2017.11.03"]
[EventType "team-tourn"]
[EventRounds "9"]
[EventCountry "NOR"]
[SourceTitle "EXT 2019"]
[Source "ChessBase"]
[SourceDate "2018.10.10"]
[SourceVersion "1"]
[SourceVersionDate "2018.10.10"]
[SourceQuality "1"]
[WhiteTeam "Nordstrand"]
[BlackTeam "Oslo SK 1911"]
[WhiteTeamCountry "NOR"]
[BlackTeamCountry "NOR"]

1. Nf3 Nf6 2. c4 g6 3. Nc3 Bg7 4. d4 d6 5. e4 0-0 6. h3 c5 7. Be2 cxd4 8. Nxd4 Nc6 9. Be3 a6 10. 0-0 Bd7 11. Rc1 Rb8 12. b3 Qa5 13. Rc2 b5 14. Nd5 Nxd5 15. Nxc6 Bxc6 16. cxd5 Bd7 17. Bg4 f5 18. Bf3 Rbc8 19. Bg5 Kf7 20. exf5 Bxf5 21. Re2 Rfe8 22. Rfe1 Be5 23. Bg4 Bxg4 24. hxg4 Qc3 25. Re3 Qc2 26. Qf3+ Kg8 27. R3e2 Qc3 28. Qe4 Rc7 29. f4 Bf6 30. Qe6+ Kg7 31. Bxf6+ Qxf6 32. Qe4 Rf8 33. g3 Rf7 34. g5 Qc3 35. Re3 Qb2 36. R3e2 Qc3 37. Qe3 Qb4 38. Qe4 Qc3 39. Kg2 Kf8 40. Re3 Qb2+ 41. R1e2 Qa1 42. Rc2 Rxc2+ 43. Qxc2 Qd4 44. Qd3 Qc5 45. Qe4 Kg7 46. Re2 Qc3 47. Rc2 Qa1 48. Qe3 b4 49. Rd2 a5 50. Qd4+ Qxd4 51. Rxd4 Rf8 52. Re4 Kf7 53. Rc4 Rb8 54. Kf3 Rb7 55. Ke4 e6 56. g4 Ke7 57. Rc2 Rb5 58. dxe6 Kxe6 59. Rc7 a4 60. Rxh7 Rc5 61. f5+ gxf5+ 62. gxf5+ Rxf5 63. Rh6+ 1-0

[Event "NOR-ch rapid"]
[Site "Drammen"]
[Date "2018.01.07"]
[Round "8"]
[White "Thanke, Bror"]
[Black "Galinsky, Timofey"]
[Result "0-1"]
[WhiteElo "2154"]
[BlackElo "2376"]
[PlyCount "86"]
[EventDate "2018.01.06"]
[EventType "swiss (rapid)"]
[EventRounds "10"]
[EventCountry "NOR"]
[SourceTitle "CBM 182 Extra"]
[Source "ChessBase"]
[SourceDate "2018.02.23"]
[SourceVersion "1"]
[SourceVersionDate "2018.02.23"]
[SourceQuality "1"]

1. Nf3 d5 2. b3 Nf6 3. Bb2 e6 4. e3 a5 5. a4 b6 6. Be2 Ba6 7. 0-0 Bd6 8. d3 0-0 9. Ne5 Nfd7 10. f4 Nxe5 11. fxe5 Bc5 12. d4 Be7 13. Nd2 c5 14. Nf3 Nc6 15. Rc1 Qd7 16. c3 Qb7 17. Ba3 cxd4 18. Bxe7 d3 19. Bxd3 Qxe7 20. Bxa6 Rxa6 21. Qd3 Raa8 22. e4 Rfd8 23. Kh1 h6 24. exd5 Rxd5 25. Qe3 Qc7 26. Rce1 Rad8 27. Qf4 Rd3 28. Qc4 R3d7 29. b4 Ne7 30. Re4 Nd5 31. Qxc7 Rxc7 32. bxa5 bxa5 33. h3 Nxc3 34. Re3 Nd5 35. Ra3 Rb8 36. Nd4 Rb2 37. Nb5 Rcc2 38. Rg3 Rf2 39. Rc1 Rbc2 40. Rb1 Nf4 41. Nd4 Ra2 42. Rb8+ Kh7 43. Rb7 Nxg2 0-1

[Event "NOR-ch rapid"]
[Site "Drammen"]
[Date "2018.01.07"]
[Round "9"]
[White "Thanke, Bror"]
[Black "Hobber, Anders"]
[Result "0-1"]
[WhiteElo "2154"]
[BlackElo "2301"]
[PlyCount "52"]
[EventDate "2018.01.06"]
[EventType "swiss (rapid)"]
[EventRounds "10"]
[EventCountry "NOR"]
[SourceTitle "CBM 182 Extra"]
[Source "ChessBase"]
[SourceDate "2018.02.23"]
[SourceVersion "1"]
[SourceVersionDate "2018.02.23"]
[SourceQuality "1"]

1. Nf3 d5 2. b3 Bg4 3. Bb2 Bxf3 4. exf3 e6 5. d4 Nf6 6. Bd3 c5 7. dxc5 Bxc5 8. 0-0 Nc6 9. Re1 0-0 10. a3 a6 11. f4 Ne4 12. Bxe4 dxe4 13. Nd2 f5 14. b4 Ba7 15. Nb3 Qh4 16. Nc5 Rad8 17. Qc1 Bxc5 18. bxc5 Rd5 19. Qe3 Rfd8 20. Bc3 Qe7 21. Rab1 R8d7 22. Rb6 Qxc5 23. g3 Qxe3 24. Rxe3 Kf7 25. Kg2 Rb5 26. f3 Rxb6 0-1

[Event "NOR-ch Mester"]
[Site "Stavanger"]
[Date "2017.07.07"]
[Round "8"]
[White "Thanke, Bror"]
[Black "Ingebretsen, Jens E"]
[Result "1/2-1/2"]
[WhiteElo "2157"]
[BlackElo "2053"]
[PlyCount "149"]
[EventDate "2017.07.01"]
[EventType "swiss"]
[EventRounds "9"]
[EventCountry "NOR"]
[SourceTitle "EXT 2018"]
[Source "ChessBase"]
[SourceDate "2017.10.13"]
[SourceVersion "1"]
[SourceVersionDate "2017.10.13"]
[SourceQuality "1"]

1. Nf3 Nf6 2. b3 g6 3. Bb2 Bg7 4. c4 0-0 5. e3 d6 6. d4 Nfd7 7. Be2 e5 8. Nc3 Nc6 9. 0-0 f5 10. dxe5 Ndxe5 11. Qd2 Kh8 12. Rad1 Nxf3+ 13. Bxf3 Ne5 14. Be2 Bd7 15. f4 Nc6 16. c5 Ne7 17. cxd6 cxd6 18. Qxd6 Bc6 19. Qe6 Qe8 20. Bf3 Rc8 21. Na4 Bxb2 22. Nxb2 Bxf3 23. Rxf3 Nc6 24. Qxe8 Rfxe8 25. Nc4 Rcd8 26. Rff1 Kg8 27. Kf2 a6 28. a4 Kf8 29. Kf3 Ke7 30. g4 b5 31. axb5 axb5 32. Na3 Na5 33. b4 Nc4 34. Nxc4 bxc4 35. gxf5 gxf5 36. Rc1 Rc8 37. Rc3 Rc7 38. Rfc1 Rec8 39. b5 Rc5 40. b6 R5c6 41. b7 Rb8 42. Rg1 Kf6 43. Rb1 Rc7 44. Rb6+ Kf7 45. h4 Rbxb7 46. Rxb7 Rxb7 47. Rxc4 Ra7 48. Rc6 Rb7 49. h5 Ra7 50. Kg3 Re7 51. Kh4 Rxe3 52. Kg5 Re7 53. Rf6+ Kg7 54. h6+ Kg8 55. Rxf5 Re6 56. Rf6 Re1 57. Rb6 Re8 58. f5 Rc8 59. Rd6 Rf8 60. Rd7 Ra8 61. Rg7+ Kh8 62. Re7 Kg8 63. Kf6 Ra6+ 64. Re6 Ra8 65. Rd6 Rf8+ 66. Ke7 Rf7+ 67. Ke6 Rf8 68. Rd7 Ra8 69. Ke7 Rf8 70. Rd4 Rf7+ 71. Ke6 Rf8 72. f6 Ra8 73. f7+ Kf8 74. Rd6 Ra6 75. Rxa6 1/2-1/2

[Event "NOR-chB"]
[Site "Stavanger"]
[Date "2017.07.06"]
[Round "7"]
[White "Al Tarbosh, Ward"]
[Black "Thanke, Bror"]
[Result "1-0"]
[WhiteElo "2258"]
[BlackElo "2157"]
[PlyCount "73"]
[EventDate "2017.07.01"]
[EventType "swiss"]
[EventRounds "9"]
[EventCountry "NOR"]
[SourceTitle "CBM 179 Extra"]
[Source "ChessBase"]
[SourceDate "2017.08.23"]
[SourceVersion "1"]
[SourceVersionDate "2017.08.23"]
[SourceQuality "1"]

1. e4 c5 2. Nf3 e6 3. d4 cxd4 4. Nxd4 a6 5. Bd3 Nc6 6. Nxc6 dxc6 7. 0-0 e5 8. Nd2 Bd6 9. Nc4 Bc7 10. b3 b5 11. Ne3 Nf6 12. a4 Be6 13. axb5 axb5 14. Ba3 Rb8 15. c3 Bd6 16. Bxb5 Rxb5 17. Qxd6 Qxd6 18. Bxd6 Kd7 19. Bxe5 Bxb3 20. Bxf6 gxf6 21. Ra7+ Ke6 22. Nf5 Ke5 23. Re1 Be6 24. Re7 Kf4 25. g3+ Kg5 26. Nd4 Rb6 27. Nxe6+ fxe6 28. Rxe6 Rd8 29. e5 f5 30. h4+ Kg4 31. Kg2 Rd2 32. Re7 h6 33. Re3 f4 34. Rf3 fxg3 35. Rg7+ Kxh4 36. Rf4+ Kh5 37. Kxg3 1-0

[Event "NOR-ch Mester"]
[Site "Stavanger"]
[Date "2017.07.02"]
[Round "2"]
[White "Thanke, Bror"]
[Black "Pettersen, Joar Gullestad"]
[Result "1-0"]
[WhiteElo "2157"]
[BlackElo "2080"]
[PlyCount "41"]
[EventDate "2017.07.01"]
[EventType "swiss"]
[EventRounds "9"]
[EventCountry "NOR"]
[SourceTitle "EXT 2018"]
[Source "ChessBase"]
[SourceDate "2017.10.13"]
[SourceVersion "1"]
[SourceVersionDate "2017.10.13"]
[SourceQuality "1"]

1. Nf3 e6 2. b3 f5 3. Bb2 Nf6 4. e3 Be7 5. d4 0-0 6. Bd3 b6 7. 0-0 Bb7 8. c4 Qe8 9. Nc3 Qh5 10. Qe2 g5 11. Nd2 Ng4 12. h3 Bd6 13. f4 gxf4 14. exf4 Nf6 15. Nb5 Kf7 16. Nxd6+ cxd6 17. Nf3 h6 18. d5 Rg8 19. Rae1 Bc8 20. Ba3 Qxh3 21. Ng5+ 1-0

[Event "NOR-chB"]
[Site "Stavanger"]
[Date "2017.07.01"]
[Round "1"]
[White "Darnell, Anton"]
[Black "Thanke, Bror"]
[Result "1-0"]
[WhiteElo "1992"]
[BlackElo "2157"]
[PlyCount "67"]
[EventDate "2017.07.01"]
[EventType "swiss"]
[EventRounds "9"]
[EventCountry "NOR"]
[SourceTitle "CBM 179 Extra"]
[Source "ChessBase"]
[SourceDate "2017.08.23"]
[SourceVersion "1"]
[SourceVersionDate "2017.08.23"]
[SourceQuality "1"]

1. e4 c5 2. Nf3 e6 3. d4 cxd4 4. Nxd4 a6 5. Bd3 Qc7 6. 0-0 Nf6 7. Nc3 Nc6 8. Nb3 d6 9. Qe2 Be7 10. f4 0-0 11. Bd2 g6 12. Rae1 b5 13. Qf3 Bb7 14. g4 b4 15. Ne2 d5 16. e5 Ne4 17. Be3 f6 18. Ned4 Nxd4 19. Nxd4 Qd7 20. f5 gxf5 21. gxf5 exf5 22. e6 Qc7 23. Nxf5 Kh8 24. Bxe4 Rg8+ 25. Kh1 dxe4 26. Qh5 Qe5 27. Qf7 Rae8 28. Nxe7 Rgf8 29. Ng6+ hxg6 30. Qxb7 Rxe6 31. Bh6 Rg8 32. Bf4 Qd4 33. Re3 g5 34. Rh3# 1-0

[Event "NOR-chT 1617"]
[Site "Norway"]
[Date "2016.10.30"]
[Round "3.2"]
[White "Thanke, Bror"]
[Black "Persson, Mats"]
[Result "1-0"]
[WhiteElo "2147"]
[BlackElo "2314"]
[PlyCount "185"]
[EventDate "2016.10.28"]
[EventType "team-tourn"]
[EventRounds "9"]
[EventCountry "NOR"]
[SourceTitle "EXT 2018"]
[Source "ChessBase"]
[SourceDate "2017.10.13"]
[SourceVersion "1"]
[SourceVersionDate "2017.10.13"]
[SourceQuality "1"]
[WhiteTeam "Nordstrand"]
[BlackTeam "OSS"]
[WhiteTeamCountry "NOR"]
[BlackTeamCountry "NOR"]

1. e4 e5 2. Nf3 Nc6 3. Nc3 g6 4. d4 exd4 5. Nxd4 Bg7 6. Be3 Nge7 7. Bc4 0-0 8. 0-0 Ne5 9. Be2 f5 10. f4 Nf7 11. e5 d5 12. Nf3 b6 13. b4 c6 14. Na4 Bb7 15. Nd4 Qc8 16. Nb3 Ba6 17. Nb2 Nd8 18. c4 Ne6 19. b5 dxc4 20. bxa6 cxb3 21. Qxb3 Nd5 22. Bc4 Rd8 23. Rfd1 Nec7 24. Rac1 Kh8 25. Kh1 Qe6 26. Nd3 Qe7 27. Bf2 Rac8 28. a4 Bh6 29. g3 g5 30. Bxd5 Nxd5 31. Qc4 gxf4 32. gxf4 Rg8 33. Rg1 Rg6 34. Rxg6 hxg6 35. Rg1 Kh7 36. Rg3 Qe6 37. Rh3 Kg7 38. Qd4 c5 39. Qb2 c4 40. Nb4 Bxf4 41. Nc2 c3 42. Qb3 Bxe5 43. Rd3 Nf4 44. Qxe6 Nxe6 45. Rd7+ Kf6 46. Rxa7 Rd8 47. Rb7 Rd1+ 48. Kg2 g5 49. Rxb6 Ke7 50. h3 g4 51. hxg4 fxg4 52. Rb7+ Kf6 53. Bh4+ Ng5 54. a7 Rd2+ 55. Kf1 Rd8 56. Rb5 Rf8 57. Kg2 Ra8 58. Bxg5+ Kf5 59. Be3 Ke4 60. Bf2 Bc7 61. Rb7 Be5 62. Re7 Kd5 63. Nb4+ Kd6 64. Rb7 Ke6 65. Bg3 Bd4 66. Bb8 Bc5 67. Nc2 Kd5 68. Rc7 Bb6 69. Rg7 Kc4 70. Rxg4+ Kd3 71. Nb4+ Kd2 72. Nc6 c2 73. Rc4 Kd1 74. Bf4 Bxa7 75. Nxa7 Rxa7 76. Kf3 Rd7 77. a5 Rd3+ 78. Ke4 Ra3 79. Rc5 Ra4+ 80. Ke5 Ra1 81. Kd5 Ra4 82. Ke5 Ra1 83. Bh6 Ra4 84. Bf4 Ra1 85. Be3 Ke2 86. Rxc2+ Kxe3 87. Rc5 Rh1 88. Kd5 Rh6 89. Kc4 Ke4 90. Rc8 Ke5 91. Kc5 Re6 92. Rd8 Rf6 93. Re8+ 1-0

[Event "NOR-chB"]
[Site "Tromsoe"]
[Date "2016.07.16"]
[Round "9"]
[White "Thanke, Bror"]
[Black "Kjolberg, Jens Hjorth"]
[Result "1/2-1/2"]
[WhiteElo "2100"]
[BlackElo "2131"]
[PlyCount "59"]
[EventDate "2016.07.09"]
[EventType "swiss"]
[EventRounds "9"]
[EventCountry "NOR"]
[SourceTitle "EXT 2024"]
[Source "ChessBase"]
[SourceDate "2023.10.10"]
[SourceVersion "1"]
[SourceVersionDate "2023.10.10"]
[SourceQuality "1"]

1. e4 e6 2. d4 d5 3. e5 c5 4. c3 Nc6 5. Be3 cxd4 6. cxd4 Nh6 7. Bd3 Nf5 8. Ne2 Be7 9. Nbc3 0-0 10. 0-0 g6 11. Rc1 Nxe3 12. fxe3 f5 13. exf6 Bxf6 14. Nf4 Bd7 15. Qf3 Bg7 16. Qg3 Ne7 17. Rf3 Qb6 18. Qh4 Qxb2 19. Rc2 Qb4 20. Rh3 h6 21. Rg3 Rac8 22. h3 Rxc3 23. Rxc3 g5 24. Rxg5 hxg5 25. Qh7+ Kf7 26. Qh5+ Kf6 27. h4 gxf4 28. Qg5+ Kf7 29. Qh5+ Kf6 30. Qg5+ 1/2-1/2